000078952 001__ 78952
000078952 005__ 20210121114542.0
000078952 0247_ $$2doi$$a10.1016/j.nefro.2018.07.013
000078952 0248_ $$2sideral$$a111332
000078952 037__ $$aART-2019-111332
000078952 041__ $$aspa
000078952 100__ $$aPortoles, J.M.
000078952 245__ $$aTrasplante renal con órganos procedentes de donación tras parada circulatoria controlada: resultados del estudio multicéntrico GEODAS-3
000078952 260__ $$c2019
000078952 5060_ $$aAccess copy available to the general public$$fUnrestricted
000078952 5203_ $$aIntroducción
Varios países europeos disponen de programas de donación tras parada cardiaca controlada (cDCD). Veintidós centros participan en el grupo GEODAS, cuyos resultados clínicos presentamos desde una perspectiva nefrológica.
Métodos
Estudio multicéntrico retrospectivo observacional con inclusión sistemática de todos los trasplantes renales (TR) procedentes de cDCD, siguiendo protocolos locales de extracción e inmunosupresión.
Resultados
Se incluyó a 335 donantes tras cDCD (edad media 57,2 años) fallecidos mayoritariamente por eventos cardiovasculares. Se analizan 566 receptores (edad media de 56,5 años; el 91,9% con primer trasplante renal), con una mediana de seguimiento de 1,9 años. La terapia de inducción fue casi universal (timoglobulina 67,4%; simulect 32,8%) con mantenimiento con prednisona-MMF-tacrolimus (91,3%) o combinaciones con mTOR (6,5%). El tiempo medio de isquemia fría (CIT) fue 12,3 h. Hubo un 3,4% de fallo primario del injerto (n = 19), asociado fundamentalmente al tiempo de isquemia fría (solo el CIT ≥ 14 h se asoció a fallo primario del injerto). La función retrasada del injerto (DGF) fue 48,8%. Los factores de riesgo para la DGF fueron: CIT ≥ 14 h OR 1,6, procedencia de hemodiálisis (vs. diálisis peritoneal) OR 2,1 y edad del donante OR 1,01 (por año). Veintiún pacientes fallecieron con injerto funcionante (3,7%), con una supervivencia de paciente e injerto (censurada para muerte) al segundo año del 95% y del 95,1%, respectivamente. El filtrado glomerular estimado al año de seguimiento fue 60,9 ml/min.
Conclusiones
El CIT es un factor modificable para mejorar la incidencia del fallo primario del injerto en trasplante renal procedente de cDCD. El trasplante renal con cDCD tiene mayor incidencia en la función retrasada del injerto, pero igual supervivencia de paciente e injerto que la referencia histórica para donación en muerte encefálica. Los resultados son satisfactorios para continuar promoviendo este tipo de donación.
000078952 540__ $$9info:eu-repo/semantics/openAccess$$aby-nc-nd$$uhttp://creativecommons.org/licenses/by-nc-nd/3.0/es/
000078952 590__ $$a1.544$$b2019
000078952 591__ $$aUROLOGY & NEPHROLOGY$$b65 / 85 = 0.765$$c2019$$dQ4$$eT3
000078952 592__ $$a0.362$$b2019
000078952 593__ $$aNephrology$$c2019$$dQ3
000078952 655_4 $$ainfo:eu-repo/semantics/article$$vinfo:eu-repo/semantics/publishedVersion
000078952 700__ $$aPerez-Saez, M.J.
000078952 700__ $$aLopez-Sanchez, P.
000078952 700__ $$aLafuente-Covarrubias, O.
000078952 700__ $$aJuega, J.
000078952 700__ $$aHernandez, D.
000078952 700__ $$aEspi, J.
000078952 700__ $$aNavarro, M.D.
000078952 700__ $$aMazuecos, M.A.
000078952 700__ $$aRodriguez-Ferrero, M.L.
000078952 700__ $$aMaruri-Kareaga, N.
000078952 700__ $$aMoreso, F.
000078952 700__ $$aMelilli, E.
000078952 700__ $$ade Souza, E.
000078952 700__ $$aRuiz, J.C.
000078952 700__ $$aLlamas, F.
000078952 700__ $$0(orcid)0000-0002-2253-7779$$aGutierrez-Dalmau, A.$$uUniversidad de Zaragoza
000078952 700__ $$aGuirado, L.
000078952 700__ $$aMartin-Moreno, P.
000078952 700__ $$aFlores, I.P.
000078952 700__ $$aFernandez-Garcia, A.
000078952 700__ $$aJimenez, C.
000078952 700__ $$aGavela, E.
000078952 700__ $$aRamos, A.
000078952 700__ $$aPascual, J.
000078952 7102_ $$11007$$2610$$aUniversidad de Zaragoza$$bDpto. Medicina, Psiqu. y Derm.$$cArea Medicina
000078952 773__ $$g39, 2 (2019), 151-159$$pNefrología$$tNefrologia : publicacion oficial de la Sociedad Espanola Nefrologia$$x1989-2284
000078952 8564_ $$s370730$$uhttps://zaguan.unizar.es/record/78952/files/texto_completo.pdf$$yVersión publicada
000078952 8564_ $$s79490$$uhttps://zaguan.unizar.es/record/78952/files/texto_completo.jpg?subformat=icon$$xicon$$yVersión publicada
000078952 909CO $$ooai:zaguan.unizar.es:78952$$particulos$$pdriver
000078952 951__ $$a2021-01-21-11:16:50
000078952 980__ $$aARTICLE